000 01412nam a2200241 a 4500
001 ASIN041531769X
005 20170105102848.0
008 130820s2003 xxu eng d
020 _a041531769X (paperback)
_c$55.95
020 _a9780415317696 (paperback)
040 _a0
082 _a320.55
100 1 _aMandaville, Peter.
245 1 0 _aTransnational muslim politics :
_breimagining the umma /
_cPeter Mandaville.
250 _aNew edition.
260 _a[S.l.] :
_bRoutledge,
_c2003.
300 _a256 p. ;
_c24 cm.
490 1 _aRoutledge research in transnationalism.
520 _aThis book analyzes Islam as a form of 'travelling theory' in the context of contemporary global transformations such as diasporic communities, transnational social movements, global cities and information technologies. Peter Mandaville examines how 'globalization' is manifested as lived experience through a discussion of debates over the meaning of Muslim identity, political community and the emergence of a 'critical Islam'. This radical book argues that translocal forces are leading the emergence of a wider Muslim public sphere. Now available in paperback, it contains a new preface setting the debates in the context of September 11th.
830 0 _aRoutledge research in transnationalism.
856 4 0 _3Amazon.com
_uhttp://www.amazon.com/exec/obidos/ASIN/041531769X/chopaconline-20
942 _2ddc
_cBK
999 _c14168
_d14168